01624nam a2200289 i 450000100060000000300090000600500170001500700030003200800410003504000200007624500690009626000420016530000290020749000360023650505640027270000340083670000380087070000410090870000340094974000770098374000310106074000400109183000440113185200200117599900170119595201220121253519ES-MaACL20230906162800.0t|951002s1884 sp |||| | spa d aCAM bspa cCAM00aExtravagantes opúsculos amenos y curiosos de ilustres autores. aBarcelona : bDaniel Cortezo, c1884. aVII, 9-274 p. ; c21 cm.1 aBiblioteca clásica española8 aContiene: ; tDiálogos de apacible entretenimiento / rpor Gaspar Lucas Hidalgo. -- tCartas de Don Juan de la Sal, Obispo de Bona, al Duque de Medinasidonia ; tTractado de las tres grandes, conviene a saber, de la gran parlería, de la gran porfía y de la gran risa / rpor Francisco de Villalobos. -- tDeclaración puesta a la postrera cena y capítulo de la comedia El Anfitrión / rpor Francisco de Villalobos. -- tLos tres maridos burlados / rpor Tirso de Molina. -- tHistoria del abencerraje y la hermosa Jarifa / rpor Antonio de Villegas1 aHidalgo, Gaspar Lucas.9635691 aVillalobos, Francisco de.91149561 aMolina, Tirso de,d1579-164892265221 aVillegas, Antonio de.911520102aCartas de Don Juan de la Sal, Obispo de Bona, al Duque de Medinasidonia.42aLos tres maridos burlados.32aEl abencerraje y la hermosa Jarifa.0 aBiblioteca clásica española9182443 aES-MaACLjB-747 c53519d53519 001040708LIBXIXaATENEOMbATENEOMcSPBd2008-01-17eSCl0oB-747p1056239r2023-02-23 00:00:00w2023-02-23yMONANT